| 000 | 00571nam a2200157 a 4500 | ||
|---|---|---|---|
| 001 | 000007118 | ||
| 005 | 20200929154053.0 | ||
| 008 | 090904s2005 dr 000 0 spa d | ||
| 040 |
_aDO-SdBNP _bspa _cBNPHU |
||
| 082 |
_axxxx _bP335m |
||
| 245 | 0 | 0 |
_aPautas mínimas de la defensa pública / _cpresentación Jorge A. Subero Issa. |
| 260 |
_aSanto Domingo : _bOficina Nacional de Defensa Pública, _c2005. |
||
| 300 |
_a130 p. ; _c23 cm. |
||
| 504 | _aIncluye referencias bibliográficas y notas al pie de las páginas | ||
| 700 | 1 |
_aSubero Issa, Jorge A., _epresentación _919759 |
|
| 999 |
_c6899 _d6899 |
||